MATHEMATICS CLASS XI (Record no. 19020)

MARC details
000 -LEADER
fixed length control field 00242nam a22001217a 4500
003 - CONTROL NUMBER IDENTIFIER
control field SGT
082 ## - DEWEY DECIMAL CLASSIFICATION NUMBER
Classification number 370
Item number MAH
100 ## - MAIN ENTRY--PERSONAL NAME
Personal name MAHINDRA, JP
245 ## - TITLE STATEMENT
Title MATHEMATICS CLASS XI
260 ## - PUBLICATION, DISTRIBUTION, ETC. (IMPRINT)
Place of publication, distribution, etc HARYANA
Name of publisher, distributor, etc BMBD
Year of Publication 2018
300 ## - PAGE DESCRIPTION
No. of Pages 384
942 ## - ADDED ENTRY ELEMENTS (KOHA)
Source of classification or shelving scheme Dewey Decimal Classification
Koha item type Books
Holdings
Withdrawn status Lost status Source of classification or shelving scheme Damaged status Not for loan Collection code Home library Current library Date acquired SGTU Total Checkouts Full call number Accession No. (Barcode) Date last seen Date last borrowed Bill Date Koha item type
    Dewey Decimal Classification     EDUCATION SGT Engineering Library SGT Engineering Library 05/09/2019 SGTU 1 370 MAH ED4305 31/08/2021 25/08/2021 05/09/2019 Books